埼玉県の公立高校・中等教育学校 - Statistics

General Stats
  • This quiz has been taken 135 times
  • The average score is 55 of 141
Answer Stats
所在地 課程 学校名 % Correct
さいたま市 全日 大宮
93%
さいたま市 全日・定時 浦和
89%
川口市 全日 川口
82%
川越市 全日 川越
81%
熊谷市 全日・定時 熊谷
79%
所沢市 全日・定時 所沢
73%
春日部市 全日・定時 春日部
73%
上尾市 全日・定時 上尾
73%
秩父市 全日 秩父
70%
さいたま市 全日 浦和西
69%
鴻巣市 全日 鴻巣
68%
蕨市 全日
68%
さいたま市 全日 浦和北
67%
さいたま市 全日 浦和南
67%
深谷市 全日 深谷
67%
草加市 全日 草加
67%
さいたま市 全日 浦和東
66%
さいたま市 全日 大宮東
65%
さいたま市 全日 大宮北
65%
飯能市 全日・定時 飯能
65%
さいたま市 全日 岩槻
64%
本庄市 全日・定時 本庄
63%
桶川市 全日 桶川
63%
川口市 全日 川口北
61%
朝霞市 全日・定時 朝霞
61%
久喜市 全日・定時 久喜
61%
三郷市 全日 三郷
61%
さいたま市 全日 与野
60%
さいたま市 全日 市立浦和
60%
川口市 全日 川口東
60%
和光市 全日 和光
60%
志木市 全日 志木
58%
八潮市 全日 八潮
58%
さいたま市 全日 大宮南
57%
新座市 全日 新座
57%
杉戸町 全日 杉戸
57%
富士見市 全日 富士見
56%
坂戸市 全日 坂戸
56%
さいたま市 全日 浦和工業
55%
白岡市 全日 白岡
55%
越谷市 全日 越谷南
54%
北本市 全日 北本
54%
越谷市 全日 越谷北
53%
ふじみ野市 全日 ふじみ野
53%
さいたま市 全日・定時 大宮工業
52%
日高市 全日 日高
52%
越生町 全日 越生
52%
皆野町 全日 皆野
52%
松伏町 全日 松伏
52%
川越市 全日 川越西
51%
熊谷市 全日 熊谷工業
51%
所沢市 全日 所沢北
51%
小鹿野町 全日 小鹿野
51%
川越市 全日 川越女子
50%
川越市 全日 川越南
50%
鳩山町 全日 鳩山
49%
さいたま市 全日 浦和商業
48%
さいたま市 全日・定時 浦和第一女子
48%
熊谷市 全日 熊谷西
48%
小川町 全日・定時 小川
48%
越谷市 全日 越谷西
47%
越谷市 全日 越谷東
46%
川越市 全日・定時 川越工業
45%
熊谷市 全日 熊谷女子
45%
宮代町 全日 宮代
45%
川越市 全日 市立川越
44%
熊谷市 全日 熊谷商業
44%
東松山市 全日 松山
44%
春日部市 全日 春日部工業
44%
さいたま市 全日・定時 大宮商業
42%
川口市 全日・定時 川口工業
42%
所沢市 全日 所沢西
42%
春日部市 全日 春日部東
42%
上尾市 全日 上尾南
42%
春日部市 全日 春日部女子
39%
伊奈町 全日 伊奈学園総合
36%
草加市 全日 草加西
34%
草加市 全日 草加南
34%
加須市 全日 不動岡
33%
川口市 全日 鳩ヶ谷
32%
和光市 全日 和光国際
32%
草加市 全日 草加東
31%
川口市 全日・定時 川口市立
30%
所沢市 全日 所沢商業
29%
越谷市 全日・定時 越ヶ谷
29%
鴻巣市 全日 鴻巣女子
27%
朝霞市 全日 朝霞西
26%
坂戸市 全日 坂戸西
25%
さいたま市 定時・通信 大宮中央
24%
東松山市 全日 松山女子
24%
上尾市 全日 上尾橘
24%
桶川市 全日 桶川西
24%
久喜市 全日 久喜工業
24%
八潮市 全日 八潮南
24%
さいたま市 全日 いずみ
22%
狭山市 全日 狭山工業
22%
久喜市 全日 鷲宮
22%
三郷市 全日 三郷北
22%
吉川市 全日・定時 吉川美南
22%
川越市 全日 川越初雁
21%
滑川町 全日 滑川総合
21%
さいたま市 全日 大宮光陵
20%
さいたま市 全日 大宮国際中等
20%
熊谷市 全日 熊谷農業
20%
上尾市 全日 上尾鷹の台
20%
蓮田市 全日 蓮田松韻
20%
さいたま市 全日 岩槻商業
19%
深谷市 全日 深谷商業
19%
川越市 全日 川越総合
18%
行田市 全日 進修館
17%
本庄市 全日 児玉
17%
戸田市 定時 戸田翔陽
17%
さいたま市 全日 大宮武蔵野
16%
熊谷市 全日 妻沼
16%
さいたま市 全日 常盤
14%
羽生市 全日 羽生第一
14%
久喜市 全日 久喜北陽
14%
川口市 全日 川口青陵
13%
越谷市 全日 越谷総合技術
13%
寄居町 全日 寄居城北
13%
杉戸町 全日 杉戸農業
13%
所沢市 全日 所沢中央
11%
狭山市 全日 狭山清陵
11%
入間市 全日 豊岡
11%
幸手市 全日 幸手桜
11%
鶴ヶ島市 全日 鶴ヶ島清風
11%
深谷市 全日 深谷第一
10%
戸田市 全日 南稜
10%
新座市 全日 新座柳瀬
10%
春日部市 全日 庄和
9%
鴻巣市 定時 吹上秋桜
9%
秩父市 全日・定時 秩父農工科学
8%
所沢市 全日 芸術総合
8%
狭山市 全日 狭山経済
8%
羽生市 全日 羽生実業
8%
入間市 全日 入間向陽
8%
新座市 全日 新座総合技術
8%
久喜市 全日 栗橋北彩
8%
三郷市 全日 三郷工業技術
8%
狭山市 定時 狭山緑陽
6%
羽生市 全日 誠和福祉
4%
No matching quizzes found
Score Distribution
Percent of People with Each Score
Percentile by Number Answered
Your Score History
You have not taken this quiz